| 000 | 01039nam a2200301Ia 4500 | ||
|---|---|---|---|
| 003 | OSt | ||
| 005 | 20221007125800.0 | ||
| 006 | a|||||r|||| 00| 0 | ||
| 007 | ta | ||
| 008 | 221006b |||||||| |||| 00| 0 eng d | ||
| 020 | _a0849396417 (hbd) | ||
| 037 |
_b1877, 28/03/2007, Unilib Book Distributors _cTextbook |
||
| 040 |
_aDGL _cDGL _beng |
||
| 041 |
_2eng _aeng |
||
| 082 | _aU210bD, P5 Carg | ||
| 100 |
_aFookes P G Ed. _9722446 |
||
| 245 | 0 |
_aGeomorphology for engineers _b Milligan G Ed. |
|
| 260 |
_aBoca Raton _bCRC Press _c2005 |
||
| 300 |
_axxi,851p. _ccm. |
||
| 500 | _aIncludes bibliographical references; Appendix A1-A6 782-839p; Index 843-851p | ||
| 650 |
_a Engineering geomorphology _9722447 |
||
| 650 | _a Geomorphology | ||
| 650 | _aGeology | ||
| 700 |
_a Lee E M Ed. _9722448 |
||
| 700 |
_a Milligan G Ed. _9722449 |
||
| 942 |
_hU210bD, P5 Carg _cTB _2CC |
||
| 999 |
_c1215811 _d1215811 |
||